A guide to calculating the shelf life of foods (Record no. 8564)
[ view plain ]
| 000 -LEADER | |
|---|---|
| fixed length control field | 00237nam a22001097a 4500 |
| 040 ## - CATALOGING SOURCE | |
| Transcribing agency | SP |
| 082 ## - DEWEY DECIMAL CLASSIFICATION NUMBER | |
| Classification number | 664 |
| 100 ## - MAIN ENTRY--AUTHOR NAME | |
| Personal name | NA |
| 245 ## - TITLE STATEMENT | |
| Title | A guide to calculating the shelf life of foods |
| 260 ## - PUBLICATION, DISTRIBUTION, ETC. (IMPRINT) | |
| Place of publication | New Zealand |
| Name of publisher | NA |
| Year of publication | 2005 |
| 942 ## - ADDED ENTRY ELEMENTS (KOHA) | |
| Koha item type | សៀវភៅភាសាអង់គ្លេស |
| 952 ## - LOCATION AND ITEM INFORMATION (KOHA) | |
| Withdrawn status [LOCAL, KOHA] | 0 |
| 952 ## - LOCATION AND ITEM INFORMATION (KOHA) | |
| Withdrawn status [LOCAL, KOHA] | 0 |
| Koha item type | Barcode | Lost status | Permanent Location | Current Location | Date acquired | Full call number |
|---|---|---|---|---|---|---|
| សៀវភៅភាសាអង់គ្លេស | RUA045321 | Library Block C | Library Block C | 2016-08-05 | 664 NA 2005 | |
| សៀវភៅភាសាអង់គ្លេស | Library Block C | Library Block C | 2016-08-05 | 664 NA 2005 |